Science Quiz

Random Science Quiz

Diabetes Pharmacology match-up Quiz Stats

 Plays Quiz not verified by Sporcle

Score 0/8 Timer 10:00
0 Plays Today
% Correct
metformin
86%
Repaglinide, nateglinide
86%
Gliclazide, tolbutamide, glibenclamide
84.9%
Pioglitazone
80.2%
Acarbose
70.9%
Saxagliptin, sitagliptin
69.8%
Dapaglifozin
69.8%
Pramlintide
61.6%

You're not logged in!

Compare scores with friends on all Sporcle quizzes.
OR
Log In

Show Comments

Extras

Created Feb 12, 2014ReportNominate
Tags:diabetes, medicine, pharmacology

Top Quizzes Today


Score Distribution

Your Account Isn't Verified!

In order to create a playlist on Sporcle, you need to verify the email address you used during registration. Go to your Sporcle Settings to finish the process.

Report this User

Report this user for behavior that violates our Community Guidelines.

Details: